[Event "Titled Tuesday intern op 08th Aug Late"]
[Site "Chess.com INT"]
[Date "2023.08.08"]
[Round "5"]
[White "Rees, Ioan"]
[Black "Michalczak, Thomas"]
[Result "1-0"]
[WhiteElo "2289"]
[BlackElo "2200"]
[PlyCount "119"]
[EventDate "2023.08.08"]
[EventType "swiss (blitz)"]
[EventRounds "11"]
[EventCountry "USA"]
[SourceTitle "EXT 2024"]
[Source "ChessBase"]
[SourceDate "2023.10.10"]
[SourceVersion "1"]
[SourceVersionDate "2023.10.10"]
[SourceQuality "1"]

1. d4 Nf6 2. c4 e6 3. Nf3 d5 4. cxd5 exd5 5. Nc3 c6 6. Qc2 g6 7. Bf4 Bf5 8. Qb3 Qb6 9. e3 Nbd7 10. Nd2 Be7 11. h3 h5 12. Be2 0-0 13. 0-0 Qxb3 14. Nxb3 a5 15. Na4 Ne4 16. Rfc1 Bd6 17. Bxd6 Nxd6 18. Nac5 Nxc5 19. Nxc5 Rfe8 20. Bd3 Bxd3 21. Nxd3 Re7 22. b3 Kg7 23. Rc2 h4 24. Rac1 g5 25. Ne5 f6 26. Nf3 Kg6 27. Re1 Kf5 28. Nd2 Ke6 29. f3 Kd7 30. Kf2 Rae8 31. Nb1 Nf5 32. Rce2 Ng3 33. Rd2 Nf5 34. Rde2 b5 35. Nc3 a4 36. bxa4 b4 37. Nd1 Ra8 38. Nb2 Nd6 39. e4 dxe4 40. fxe4 Ra5 41. Kf3 c5 42. e5 fxe5 43. dxe5 Nf5 44. Nc4 Nd4+ 45. Kg4 Ra6 46. Rf2 Ne6 47. a5 Kc6 48. Rf6 Kb5 49. Rc1 Ra8 50. a4+ bxa3 51. Nxa3+ Kxa5 52. Nc4+ Kb5 53. Nd6+ Kc6 54. Nf5 Ra4+ 55. Kh5 Re8 56. Ng7 Rh8+ 57. Kg6 Kd5 58. Nxe6 Ra6 59. Nc7+ Kxe5 60. Nxa6 1-0

[Event "Titled Tuesday intern op 01st Aug Late"]
[Site "Chess.com INT"]
[Date "2023.08.01"]
[Round "1"]
[White "Firouzja, Alireza"]
[Black "Michalczak, Thomas"]
[Result "1-0"]
[WhiteElo "2777"]
[BlackElo "2200"]
[PlyCount "29"]
[EventDate "2023.08.01"]
[EventType "swiss (blitz)"]
[EventRounds "11"]
[EventCountry "USA"]
[SourceTitle "EXT 2024"]
[Source "ChessBase"]
[SourceDate "2023.10.10"]
[SourceVersion "1"]
[SourceVersionDate "2023.10.10"]
[SourceQuality "1"]

1. d4 Nf6 2. c4 e6 3. Nf3 d5 4. Nc3 Nbd7 5. Bf4 dxc4 6. e3 Bb4 7. Bxc4 Nd5 8. 0-0 Nxc3 9. bxc3 Bxc3 10. Rc1 Ba5 11. d5 Nf6 12. Qa4+ c6 13. dxc6 0-0 14. Rfd1 Qb6 15. Rb1 1-0

[Event "Titled Tuesday intern op 01st Aug Late"]
[Site "Chess.com INT"]
[Date "2023.08.01"]
[Round "10"]
[White "Schnaider, Ilan"]
[Black "Michalczak, Thomas"]
[Result "1-0"]
[WhiteElo "2220"]
[BlackElo "2200"]
[PlyCount "121"]
[EventDate "2023.08.01"]
[EventType "swiss (blitz)"]
[EventRounds "11"]
[EventCountry "USA"]
[SourceTitle "EXT 2024"]
[Source "ChessBase"]
[SourceDate "2023.10.10"]
[SourceVersion "1"]
[SourceVersionDate "2023.10.10"]
[SourceQuality "1"]

1. e4 e5 2. Nf3 Nc6 3. Bc4 Nf6 4. d3 Bc5 5. c3 d6 6. 0-0 0-0 7. h3 a5 8. Re1 h6 9. d4 Ba7 10. Bb3 Re8 11. Bc2 Bd7 12. d5 Ne7 13. Be3 Ng6 14. Nbd2 Bxe3 15. Rxe3 Nf4 16. Nf1 N6h5 17. Ng3 Qf6 18. Nh2 Qg5 19. Qf3 Rf8 20. Bd1 Nf6 21. c4 b6 22. Bc2 g6 23. Qd1 h5 24. Nf3 Qh6 25. Ba4 Bc8 26. Bc6 Rb8 27. a3 Kg7 28. b4 h4 29. Ne2 g5 30. Nh2 Qg6 31. c5 axb4 32. axb4 bxc5 33. bxc5 Rb2 34. Rb1 Ra2 35. Nc3 Ra3 36. cxd6 cxd6 37. Nb5 Rxe3 38. fxe3 N4h5 39. Nxd6 Nxe4 40. Nxe4 Qxe4 41. Qxh5 Qxb1+ 42. Nf1 Qg6 43. Qe2 f5 44. Qb2 Qf6 45. Qb4 e4 46. Nd2 Rd8 47. Nc4 f4 48. exf4 gxf4 49. Nd2 e3 50. Ne4 Qa1+ 51. Kh2 Qe5 52. Kg1 Qa1+ 53. Kh2 Qe5 54. Kg1 f3 55. gxf3 e2 56. Kf2 Ba6 57. Qc3 Qxc3 58. Nxc3 Bc4 59. Nxe2 Bxd5 60. Bb5 Rf8 61. Nd4 1-0

[Event "Titled Tuesday intern op 25th Jul Late"]
[Site "Chess.com INT"]
[Date "2023.07.25"]
[Round "5"]
[White "Adewumi, Tanitoluwa"]
[Black "Michalczak, Thomas"]
[Result "1-0"]
[WhiteElo "2276"]
[BlackElo "2231"]
[PlyCount "109"]
[EventDate "2023.07.25"]
[EventType "swiss (blitz)"]
[EventRounds "11"]
[EventCountry "USA"]
[SourceTitle "EXT 2024"]
[Source "ChessBase"]
[SourceDate "2023.10.10"]
[SourceVersion "1"]
[SourceVersionDate "2023.10.10"]
[SourceQuality "1"]

1. d4 Nf6 2. g3 d5 3. Bg2 e6 4. Nf3 c5 5. 0-0 Nc6 6. c4 cxd4 7. Nxd4 Bd7 8. cxd5 exd5 9. Nc3 Nxd4 10. Qxd4 Bc6 11. Bg5 Be7 12. Rad1 0-0 13. Qf4 h6 14. Bxf6 Bxf6 15. Bxd5 Bxd5 16. Nxd5 Bxb2 17. e4 Qg5 18. Qxg5 hxg5 19. Rb1 Bd4 20. Rxb7 Rfe8 21. Ne7+ Kf8 22. Nf5 Bb6 23. a4 Rad8 24. a5 Bxa5 25. Rxa7 Bb6 26. Rb7 Bc5 27. Rc1 Rc8 28. Kg2 g6 29. Nh6 Re7 30. Rxe7 Kxe7 31. Ng4 f5 32. Ne5 Rc7 33. f3 fxe4 34. fxe4 Kf6 35. Rxc5 Ra7 36. Ng4+ Ke6 37. Rxg5 Ra2+ 38. Kh3 Kf7 39. Ne5+ Kf6 40. Nf3 Rf2 41. Rg4 Rxf3 42. Rf4+ Rxf4 43. gxf4 g5 44. Kg4 gxf4 45. Kxf4 Ke6 46. h4 Kf6 47. h5 Kg7 48. Ke5 Kh6 49. Kd6 Kxh5 50. e5 Kg6 51. e6 Kg7 52. e7 Kf7 53. Kd7 Kf6 54. e8Q Kf5 55. Qe3 1-0

[Event "Titled Tuesday intern op 25th Jul Late"]
[Site "Chess.com INT"]
[Date "2023.07.25"]
[Round "4"]
[White "Djordjevic, Dejan N"]
[Black "Michalczak, Thomas"]
[Result "0-1"]
[WhiteElo "2159"]
[BlackElo "2231"]
[PlyCount "126"]
[EventDate "2023.07.25"]
[EventType "swiss (blitz)"]
[EventRounds "11"]
[EventCountry "USA"]
[SourceTitle "EXT 2024"]
[Source "ChessBase"]
[SourceDate "2023.10.10"]
[SourceVersion "1"]
[SourceVersionDate "2023.10.10"]
[SourceQuality "1"]

1. e4 e5 2. Nf3 Nc6 3. Bc4 Nf6 4. d3 Bc5 5. c3 a6 6. 0-0 Ba7 7. Re1 d6 8. Bb3 0-0 9. Nbd2 Ng4 10. Re2 Kh8 11. h3 Nh6 12. Nf1 f5 13. Bxh6 gxh6 14. N1h2 Qd7 15. Qd2 Qg7 16. Kh1 Ne7 17. d4 fxe4 18. Rxe4 Bf5 19. Rh4 e4 20. Ne1 Rf6 21. Ng4 Rg6 22. Nxh6 Rf8 23. Qe3 d5 24. Bd1 Be6 25. Bg4 Bxg4 26. hxg4 Rff6 27. Nf5 Nxf5 28. gxf5 Rxf5 29. Kg1 c6 30. Qh3 Rf8 31. Nc2 Bb8 32. Ne3 Rgf6 33. Rf1 Rf3 34. Qg4 Qxg4 35. Nxg4 R3f4 36. g3 Rf3 37. Re1 Rd3 38. Re2 Kg7 39. Kg2 Rf5 40. Ne3 Rg5 41. Rg4 h6 42. Rxg5+ hxg5 43. a3 Kg6 44. Kh3 Bd6 45. Kg4 b6 46. Nf5 Bf8 47. Ne3 a5 48. Nf5 c5 49. dxc5 bxc5 50. Ne3 Be7 51. Nf5 Bf6 52. Ne3 d4 53. cxd4 cxd4 54. Nd5 e3 55. fxe3 dxe3 56. Nxe3 Bxb2 57. Nc4 Rd4+ 58. Kf3 g4+ 59. Kg2 Rxc4 60. Rxb2 a4 61. Rb6+ Kf5 62. Rb2 Ke4 63. Kf2 Kd3 0-1

[Event "Titled Tuesday intern op 25th Jul Late"]
[Site "Chess.com INT"]
[Date "2023.07.25"]
[Round "10"]
[White "Fiorito, Joaquin"]
[Black "Michalczak, Thomas"]
[Result "0-1"]
[WhiteElo "2409"]
[BlackElo "2231"]
[PlyCount "104"]
[EventDate "2023.07.25"]
[EventType "swiss (blitz)"]
[EventRounds "11"]
[EventCountry "USA"]
[SourceTitle "EXT 2024"]
[Source "ChessBase"]
[SourceDate "2023.10.10"]
[SourceVersion "1"]
[SourceVersionDate "2023.10.10"]
[SourceQuality "1"]

1. d4 Nf6 2. c4 e6 3. Nc3 d5 4. cxd5 exd5 5. Bg5 Nbd7 6. e3 c6 7. Bd3 Be7 8. Nf3 Nh5 9. Bxe7 Qxe7 10. 0-0 g6 11. Qc2 0-0 12. Rae1 Nhf6 13. Nd2 Re8 14. f3 Qd6 15. Nb3 a5 16. a4 b6 17. e4 dxe4 18. fxe4 Ng4 19. e5 Qb4 20. h3 Nh6 21. Kh1 Ba6 22. Bxa6 Rxa6 23. Ne4 Nf5 24. Qc3 Qxc3 25. bxc3 b5 26. g4 Nh6 27. Nbc5 Nxc5 28. Nf6+ Kf8 29. Nxe8 Kxe8 30. dxc5 bxa4 31. Ra1 Ra7 32. Rxa4 Re7 33. Re1 Kd7 34. Rxa5 Ke6 35. Rd1 Rc7 36. Ra6 Kxe5 37. Rd6 f5 38. Raxc6 Ra7 39. Ra6 Rc7 40. Rac6 Ra7 41. Rd4 fxg4 42. hxg4 Ra3 43. Rd7 Nxg4 44. Rc8 Rxc3 45. c6 Kf4 46. Kg2 Rc2+ 47. Kf1 Ne5 48. Rd6 Nf3 49. Rf8+ Kg3 50. Rxf3+ Kxf3 51. Rf6+ Ke3 52. Ke1 Rc1# 0-1

[Event "Titled Tuesday intern op 25th Jul Late"]
[Site "Chess.com INT"]
[Date "2023.07.25"]
[Round "1"]
[White "Indjic, Aleksandar"]
[Black "Michalczak, Thomas"]
[Result "1-0"]
[WhiteElo "2619"]
[BlackElo "2231"]
[PlyCount "65"]
[EventDate "2023.07.25"]
[EventType "swiss (blitz)"]
[EventRounds "11"]
[EventCountry "USA"]
[SourceTitle "EXT 2024"]
[Source "ChessBase"]
[SourceDate "2023.10.10"]
[SourceVersion "1"]
[SourceVersionDate "2023.10.10"]
[SourceQuality "1"]

1. d4 Nf6 2. Nf3 e6 3. Bg5 d5 4. Nbd2 c5 5. e4 h6 6. Bxf6 Qxf6 7. Bb5+ Bd7 8. Bxd7+ Nxd7 9. exd5 exd5 10. 0-0 Be7 11. dxc5 Nxc5 12. Nb3 0-0-0 13. c3 Ne4 14. Qd4 Qxd4 15. Nfxd4 Bf6 16. Rad1 Bxd4 17. Rxd4 Nf6 18. Rfd1 b6 19. Kf1 Rhe8 20. Nc1 Kc7 21. f3 Rd7 22. Ne2 Red8 23. Kf2 Kc6 24. g4 g6 25. h4 Ne8 26. Rf4 Nc7 27. Rf6+ Kc5 28. a4 Ne6 29. Nd4 Nxd4 30. Rxd4 a5 31. h5 Rg8 32. Rdf4 gxh5 33. b4+ 1-0

[Event "Titled Tuesday intern op 25th Jul Early"]
[Site "Chess.com INT"]
[Date "2023.07.25"]
[Round "2"]
[White "Khripachenko, Alexander"]
[Black "Michalczak, Thomas"]
[Result "1-0"]
[WhiteElo "2252"]
[BlackElo "2231"]
[PlyCount "63"]
[EventDate "2023.07.25"]
[EventType "swiss (blitz)"]
[EventRounds "11"]
[EventCountry "USA"]
[SourceTitle "EXT 2024"]
[Source "ChessBase"]
[SourceDate "2023.10.10"]
[SourceVersion "1"]
[SourceVersionDate "2023.10.10"]
[SourceQuality "1"]

1. e4 e5 2. Nf3 Nc6 3. Bb5 a6 4. Ba4 Nf6 5. 0-0 Be7 6. Re1 b5 7. Bb3 0-0 8. a4 b4 9. c3 d5 10. d3 dxe4 11. dxe4 Qxd1 12. Rxd1 Bd6 13. Bg5 Nxe4 14. Bd5 Nxg5 15. Nxg5 Bb7 16. Nd2 bxc3 17. bxc3 Na5 18. Nde4 Rad8 19. Rab1 Bxd5 20. Rxd5 Nc4 21. Nf3 h6 22. Rb7 f5 23. Nxd6 Rxd6 24. Rxd6 cxd6 25. Rc7 d5 26. g3 Rd8 27. Nh4 f4 28. Nf5 g6 29. Ne7+ Kf7 30. Nc6+ Ke6 31. Nxd8+ Kd6 32. Ra7 1-0

[Event "Titled Tuesday intern op 25th Jul Early"]
[Site "Chess.com INT"]
[Date "2023.07.25"]
[Round "8"]
[White "Michalczak, Thomas"]
[Black "Kayis, Gulcan Sena"]
[Result "0-1"]
[WhiteElo "2231"]
[BlackElo "1774"]
[PlyCount "68"]
[EventDate "2023.07.25"]
[EventType "swiss (blitz)"]
[EventRounds "11"]
[EventCountry "USA"]
[SourceTitle "EXT 2024"]
[Source "ChessBase"]
[SourceDate "2023.10.10"]
[SourceVersion "1"]
[SourceVersionDate "2023.10.10"]
[SourceQuality "1"]

1. e4 e6 2. d4 d5 3. Nc3 Nf6 4. e5 Nfd7 5. f4 c5 6. Nf3 Nc6 7. Be3 Be7 8. Qd2 Qb6 9. Nd1 cxd4 10. Nxd4 Nxd4 11. Bxd4 Bc5 12. c3 0-0 13. b4 Bxd4 14. Qxd4 a5 15. b5 a4 16. Bd3 Nc5 17. 0-0 Bd7 18. Rb1 Rac8 19. Rf3 Qc7 20. Bc2 f6 21. exf6 Rxf6 22. g3 Qa5 23. b6 Na6 24. Qe5 Qc5+ 25. Nf2 Rc6 26. Bxa4 Rd6 27. Bxd7 Rxd7 28. Kg2 Qc4 29. Ng4 Rg6 30. Re3 Qxa2+ 31. Re2 Qxb1 32. f5 Qxf5 33. Qxf5 exf5 34. Ne5 Re6 0-1

[Event "Titled Tuesday intern op 25th Jul Late"]
[Site "Chess.com INT"]
[Date "2023.07.25"]
[Round "3"]
[White "Michalczak, Thomas"]
[Black "Skvortsov, Andrei"]
[Result "1-0"]
[WhiteElo "2231"]
[BlackElo "2307"]
[PlyCount "73"]
[EventDate "2023.07.25"]
[EventType "swiss (blitz)"]
[EventRounds "11"]
[EventCountry "USA"]
[SourceTitle "EXT 2024"]
[Source "ChessBase"]
[SourceDate "2023.10.10"]
[SourceVersion "1"]
[SourceVersionDate "2023.10.10"]
[SourceQuality "1"]

1. e4 c6 2. d4 d5 3. Nc3 dxe4 4. Nxe4 Nf6 5. Nxf6+ exf6 6. c3 Bd6 7. Bd3 0-0 8. Qc2 Re8+ 9. Ne2 h5 10. Bd2 Nd7 11. 0-0 Nf8 12. Rae1 Bd7 13. Kh1 Qc7 14. h3 Ne6 15. f4 b5 16. b3 g6 17. Bxg6 fxg6 18. Qxg6+ Ng7 19. Qxf6 Rf8 20. Qh6 Rae8 21. c4 Rf5 22. Ng3 Rxe1 23. Rxe1 Rxf4 24. Nxh5 Nxh5 25. Qxh5 Rf7 26. Bh6 Bf8 27. Bxf8 Qg3 28. Bb4 Rh7 29. Re8+ Bxe8 30. Qxe8+ Kg7 31. Bf8+ Kf6 32. Qd8+ Kf5 33. Qc8+ Ke4 34. Qxc6+ Ke3 35. Bh6+ Kxd4 36. Qd5+ Kc3 37. Qd2# 1-0

[Event "Titled Tuesday intern op 25th Jul Early"]
[Site "Chess.com INT"]
[Date "2023.07.25"]
[Round "6"]
[White "Nasuta, Grzegorz"]
[Black "Michalczak, Thomas"]
[Result "1-0"]
[WhiteElo "2552"]
[BlackElo "2231"]
[PlyCount "101"]
[EventDate "2023.07.25"]
[EventType "swiss (blitz)"]
[EventRounds "11"]
[EventCountry "USA"]
[SourceTitle "EXT 2024"]
[Source "ChessBase"]
[SourceDate "2023.10.10"]
[SourceVersion "1"]
[SourceVersionDate "2023.10.10"]
[SourceQuality "1"]

1. e4 e5 2. Nf3 Nc6 3. Bc4 Nf6 4. d3 Bc5 5. 0-0 h6 6. c3 a5 7. d4 Ba7 8. dxe5 Ng4 9. Qd5 0-0 10. h3 Nxf2 11. Rxf2 Bxf2+ 12. Kxf2 Ne7 13. Qd4 b5 14. Bxb5 Rb8 15. Be2 d6 16. exd6 cxd6 17. b3 Nc6 18. Qd3 Qf6 19. Ba3 Rd8 20. Nbd2 Ne5 21. Qd4 Bb7 22. Rf1 Qe6 23. c4 Ng6 24. Bb2 f6 25. Qe3 a4 26. Nd4 Qd7 27. Bg4 Qe7 28. Be6+ Kh8 29. Bd5 Bxd5 30. exd5 Ne5 31. N2f3 axb3 32. axb3 Re8 33. Nxe5 dxe5 34. Nc6 Qd7 35. Nxb8 Rxb8 36. Kg1 Qb7 37. Bc1 Ra8 38. Rd1 Ra2 39. Qf3 Qb6+ 40. Kh1 Qd6 41. Be3 Rb2 42. c5 Qd8 43. d6 Rxb3 44. c6 e4 45. Qxe4 Rc3 46. d7 f5 47. Qe8+ Qxe8 48. dxe8Q+ Kh7 49. Qe5 Rc4 50. Qxf5+ g6 51. Qf7+ 1-0

[Event "Titled Tuesday intern op 25th Jul Late"]
[Site "Chess.com INT"]
[Date "2023.07.25"]
[Round "11"]
[White "Zavgorodniy, Sergiy"]
[Black "Michalczak, Thomas"]
[Result "1/2-1/2"]
[WhiteElo "2416"]
[BlackElo "2231"]
[PlyCount "61"]
[EventDate "2023.07.25"]
[EventType "swiss (blitz)"]
[EventRounds "11"]
[EventCountry "USA"]
[SourceTitle "EXT 2024"]
[Source "ChessBase"]
[SourceDate "2023.10.10"]
[SourceVersion "1"]
[SourceVersionDate "2023.10.10"]
[SourceQuality "1"]

1. d4 Nf6 2. c4 e6 3. Nf3 d5 4. e3 a6 5. Nbd2 b6 6. Bd3 Bb7 7. 0-0 Nbd7 8. Qe2 Ne4 9. b3 f5 10. Bb2 Bd6 11. cxd5 exd5 12. Ne5 0-0 13. f4 Ndf6 14. Ndf3 Qe8 15. Rac1 Rd8 16. a4 Ra8 17. Rc2 Qh5 18. Rfc1 Ng4 19. h3 Ngf2 20. Kh2 Nxd3 21. Qxd3 Rf6 22. Rg1 Kh8 23. g4 fxg4 24. Nxg4 Bc8 25. Rcg2 Bxg4 26. Rxg4 Rh6 27. Qf1 Nf2 28. R4g3 Ne4 29. Rg4 Nf2 30. R4g3 Ne4 31. Rg4 1/2-1/2